<?xml version="1.0" encoding="UTF-8"?><marc:collection xmlns:marc="http://www.loc.gov/MARC21/slim">
  <marc:record>
    <marc:leader>03721nas a2200565 c 4500</marc:leader>
    <marc:controlfield tag="001">010005455</marc:controlfield>
    <marc:controlfield tag="003">DE-101</marc:controlfield>
    <marc:controlfield tag="005">20220903040144.0</marc:controlfield>
    <marc:controlfield tag="007">tu</marc:controlfield>
    <marc:controlfield tag="008">991118d19621974gw a||p|  s|| 0||||1ger c</marc:controlfield>
    <marc:datafield tag="016" ind1="7" ind2=" ">
      <marc:subfield code="2">DE-600</marc:subfield>
      <marc:subfield code="a">664-6</marc:subfield>
    </marc:datafield>
    <marc:datafield tag="016" ind1="7" ind2=" ">
      <marc:subfield code="2">DE-101</marc:subfield>
      <marc:subfield code="a">010005455</marc:subfield>
    </marc:datafield>
    <marc:datafield tag="035" ind1=" " ind2=" ">
      <marc:subfield code="a">(DE-599)ZDB664-6</marc:subfield>
    </marc:datafield>
    <marc:datafield tag="035" ind1=" " ind2=" ">
      <marc:subfield code="a">(OCoLC)224885564</marc:subfield>
    </marc:datafield>
    <marc:datafield tag="040" ind1=" " ind2=" ">
      <marc:subfield code="a">9001</marc:subfield>
      <marc:subfield code="b">ger</marc:subfield>
      <marc:subfield code="c">DE-101</marc:subfield>
      <marc:subfield code="d">9999</marc:subfield>
    </marc:datafield>
    <marc:datafield tag="041" ind1=" " ind2=" ">
      <marc:subfield code="a">ger</marc:subfield>
    </marc:datafield>
    <marc:datafield tag="042" ind1=" " ind2=" ">
      <marc:subfield code="a">zdb</marc:subfield>
    </marc:datafield>
    <marc:datafield tag="044" ind1=" " ind2=" ">
      <marc:subfield code="c">XA-DE</marc:subfield>
    </marc:datafield>
    <marc:datafield tag="082" ind1="7" ind2="4">
      <marc:subfield code="a">310</marc:subfield>
      <marc:subfield code="q">DE-600</marc:subfield>
      <marc:subfield code="2">22sdnb</marc:subfield>
    </marc:datafield>
    <marc:datafield tag="084" ind1=" " ind2=" ">
      <marc:subfield code="a">05a</marc:subfield>
      <marc:subfield code="a">05c</marc:subfield>
      <marc:subfield code="a">330</marc:subfield>
      <marc:subfield code="a">380</marc:subfield>
      <marc:subfield code="a">650</marc:subfield>
      <marc:subfield code="a">670</marc:subfield>
      <marc:subfield code="q">DE-101</marc:subfield>
      <marc:subfield code="2">sdnb</marc:subfield>
    </marc:datafield>
    <marc:datafield tag="110" ind1="1" ind2=" ">
      <marc:subfield code="0">(DE-588)1002826-2</marc:subfield>
      <marc:subfield code="0">https://d-nb.info/gnd/1002826-2</marc:subfield>
      <marc:subfield code="0">(DE-101)004017331</marc:subfield>
      <marc:subfield code="a">Deutschland</marc:subfield>
      <marc:subfield code="g">Bundesrepublik</marc:subfield>
      <marc:subfield code="b">Statistisches Bundesamt</marc:subfield>
      <marc:subfield code="e">Verfasser</marc:subfield>
      <marc:subfield code="4">aut</marc:subfield>
      <marc:subfield code="2">gnd</marc:subfield>
    </marc:datafield>
    <marc:datafield tag="245" ind1="1" ind2="0">
      <marc:subfield code="a">Fachserie / Statistisches Bundesamt, Wiesbaden</marc:subfield>
      <marc:subfield code="n">M</marc:subfield>
      <marc:subfield code="p">Preise, Löhne, Wirtschaftsrechnungen</marc:subfield>
      <marc:subfield code="n">Reihe 15</marc:subfield>
      <marc:subfield code="p">Arbeitnehmerverdienste in Industrie und Handel</marc:subfield>
      <marc:subfield code="n">Sonderbeitrag</marc:subfield>
      <marc:subfield code="p">Aufwendungen der Arbeitgeber für Personal- und Personalnebenkosten im Produzierenden Gewerbe</marc:subfield>
    </marc:datafield>
    <marc:datafield tag="246" ind1="1" ind2="3">
      <marc:subfield code="a">Fachserie / M / 15 / Sonderbeitrag</marc:subfield>
    </marc:datafield>
    <marc:datafield tag="247" ind1="0" ind2="0">
      <marc:subfield code="a">Aufwendungen der Arbeitgeber für Löhne und Lohnnebenkosten in ... ausgewählten Industriezweigen</marc:subfield>
      <marc:subfield code="f">Sachl. Benennung d. 4.OG bis 1963</marc:subfield>
    </marc:datafield>
    <marc:datafield tag="247" ind1="0" ind2="0">
      <marc:subfield code="a">Aufwendungen der Arbeitgeber für Löhne und Personalnebenkosten in ausgewählten Industriezweigen</marc:subfield>
      <marc:subfield code="f">Sachl. Benennung d. 4.OG 1964</marc:subfield>
    </marc:datafield>
    <marc:datafield tag="247" ind1="0" ind2="0">
      <marc:subfield code="a">Aufwendungen der Arbeitgeber für Personal- und Personalnebenkosten in Industrie und Handwerk</marc:subfield>
      <marc:subfield code="f">Sachl. Benennung d. 4.OG 1966</marc:subfield>
    </marc:datafield>
    <marc:datafield tag="247" ind1="0" ind2="0">
      <marc:subfield code="a">Aufwendungen der Arbeitgeber für Personal- und Personalnebenkosten im Einzelhandel, Bank- und Versicherungsgewerbe</marc:subfield>
      <marc:subfield code="f">Sachl. Benennung d. 4.OG 1970</marc:subfield>
    </marc:datafield>
    <marc:datafield tag="264" ind1="3" ind2="1">
      <marc:subfield code="a">Stuttgart</marc:subfield>
      <marc:subfield code="a">Mainz</marc:subfield>
      <marc:subfield code="b">Kohlhammer</marc:subfield>
      <marc:subfield code="c">1962-1974</marc:subfield>
    </marc:datafield>
    <marc:datafield tag="300" ind1=" " ind2=" ">
      <marc:subfield code="c">30 cm</marc:subfield>
    </marc:datafield>
    <marc:datafield tag="336" ind1=" " ind2=" ">
      <marc:subfield code="a">Text</marc:subfield>
      <marc:subfield code="b">txt</marc:subfield>
      <marc:subfield code="2">rdacontent</marc:subfield>
    </marc:datafield>
    <marc:datafield tag="337" ind1=" " ind2=" ">
      <marc:subfield code="a">ohne Hilfsmittel zu benutzen</marc:subfield>
      <marc:subfield code="b">n</marc:subfield>
      <marc:subfield code="2">rdamedia</marc:subfield>
    </marc:datafield>
    <marc:datafield tag="338" ind1=" " ind2=" ">
      <marc:subfield code="a">Band</marc:subfield>
      <marc:subfield code="b">nc</marc:subfield>
      <marc:subfield code="2">rdacarrier</marc:subfield>
    </marc:datafield>
    <marc:datafield tag="362" ind1="0" ind2=" ">
      <marc:subfield code="a">1959(1962) - 1972(1974)</marc:subfield>
    </marc:datafield>
    <marc:datafield tag="363" ind1="0" ind2="0">
      <marc:subfield code="8">1.1\x</marc:subfield>
      <marc:subfield code="i">1959</marc:subfield>
    </marc:datafield>
    <marc:datafield tag="363" ind1="1" ind2="0">
      <marc:subfield code="8">1.2\x</marc:subfield>
      <marc:subfield code="i">1972</marc:subfield>
    </marc:datafield>
    <marc:datafield tag="515" ind1=" " ind2=" ">
      <marc:subfield code="a">Ersch. jährl.</marc:subfield>
    </marc:datafield>
    <marc:datafield tag="591" ind1=" " ind2=" ">
      <marc:subfield code="a">C!Autopsie</marc:subfield>
    </marc:datafield>
    <marc:datafield tag="655" ind1=" " ind2="7">
      <marc:subfield code="0">(DE-588)4067488-5</marc:subfield>
      <marc:subfield code="0">https://d-nb.info/gnd/4067488-5</marc:subfield>
      <marc:subfield code="0">(DE-101)040674886</marc:subfield>
      <marc:subfield code="a">Zeitschrift</marc:subfield>
      <marc:subfield code="2">gnd-content</marc:subfield>
    </marc:datafield>
    <marc:datafield tag="655" ind1=" " ind2="7">
      <marc:subfield code="0">(DE-588)4056995-0</marc:subfield>
      <marc:subfield code="0">https://d-nb.info/gnd/4056995-0</marc:subfield>
      <marc:subfield code="0">(DE-101)040569950</marc:subfield>
      <marc:subfield code="a">Statistik</marc:subfield>
      <marc:subfield code="2">gnd-content</marc:subfield>
    </marc:datafield>
    <marc:datafield tag="710" ind1="1" ind2=" ">
      <marc:subfield code="0">(DE-588)4011889-7</marc:subfield>
      <marc:subfield code="0">https://d-nb.info/gnd/4011889-7</marc:subfield>
      <marc:subfield code="0">(DE-101)040118894</marc:subfield>
      <marc:subfield code="a">Deutschland</marc:subfield>
      <marc:subfield code="g">Bundesrepublik</marc:subfield>
      <marc:subfield code="e">Herausgebendes Organ</marc:subfield>
      <marc:subfield code="4">isb</marc:subfield>
      <marc:subfield code="2">gnd</marc:subfield>
    </marc:datafield>
    <marc:datafield tag="776" ind1="0" ind2="8">
      <marc:subfield code="i">Elektronische Reproduktion</marc:subfield>
      <marc:subfield code="a">Deutschland &lt;Bundesrepublik&gt; / Statistisches Bundesamt</marc:subfield>
      <marc:subfield code="t">Fachserie. M, Preise, Löhne, Wirtschaftsrechnungen. Reihe 15, Arbeitnehmerverdienste in Industrie und Handel</marc:subfield>
      <marc:subfield code="d">Stuttgart ; Mainz : Kohlhammer, 1962-1974</marc:subfield>
      <marc:subfield code="w">(DE-600)3116865-6</marc:subfield>
      <marc:subfield code="w">(DE-101)1256013617</marc:subfield>
    </marc:datafield>
    <marc:datafield tag="780" ind1="0" ind2="0">
      <marc:subfield code="i">Vorg.:</marc:subfield>
      <marc:subfield code="t">Preise, Löhne, Wirtschaftsrechnungen / 15 / Sonderbeiträge</marc:subfield>
      <marc:subfield code="d">Stuttgart ; Mainz : [Verlag nicht ermittelbar], 1961-1961</marc:subfield>
      <marc:subfield code="w">(DE-600)577865-7</marc:subfield>
      <marc:subfield code="w">(DE-101)013269704</marc:subfield>
    </marc:datafield>
    <marc:datafield tag="785" ind1="0" ind2="0">
      <marc:subfield code="i">Forts.:</marc:subfield>
      <marc:subfield code="t">Personal- und Personalnebenkostenerhebungen / Aufwendungen der Arbeitgeber im produzierenden Gewerbe. Aufwendungen der Arbeitgeber im produzierenden Gewerbe</marc:subfield>
      <marc:subfield code="d">Stuttgart ; Mainz : Kohlhammer, 1978-1983</marc:subfield>
      <marc:subfield code="w">(DE-600)139528-2</marc:subfield>
      <marc:subfield code="w">(DE-101)010817891</marc:subfield>
    </marc:datafield>
    <marc:datafield tag="785" ind1="0" ind2="0">
      <marc:subfield code="i">Forts.:</marc:subfield>
      <marc:subfield code="t">Personal- und Personalnebenkostenerhebungen / Aufwendungen der Arbeitgeber in Groß- und Einzelhandel sowie im Bank- und Versicherungsgewerbe. Aufwendungen der Arbeitgeber in Groß- und Einzelhandel sowie im Bank- und Versicherungsgewerbe</marc:subfield>
      <marc:subfield code="d">Stuttgart ; Mainz : Kohlhammer, 1977-1984</marc:subfield>
      <marc:subfield code="w">(DE-600)254811-2</marc:subfield>
      <marc:subfield code="w">(DE-101)01153835X</marc:subfield>
    </marc:datafield>
    <marc:datafield tag="850" ind1=" " ind2=" ">
      <marc:subfield code="a">DE-101b</marc:subfield>
    </marc:datafield>
    <marc:datafield tag="889" ind1=" " ind2=" ">
      <marc:subfield code="w">(DE-101)540200735</marc:subfield>
    </marc:datafield>
    <marc:datafield tag="925" ind1="r" ind2=" ">
      <marc:subfield code="a">ra</marc:subfield>
    </marc:datafield>
    <marc:datafield tag="930" ind1=" " ind2=" ">
      <marc:subfield code="l">M</marc:subfield>
      <marc:subfield code="a">Preise, Löhne, Wirtschaftsrechnungen</marc:subfield>
    </marc:datafield>
    <marc:datafield tag="930" ind1=" " ind2=" ">
      <marc:subfield code="l">Reihe 15</marc:subfield>
      <marc:subfield code="a">Arbeitnehmerverdienste in Industrie und Handel</marc:subfield>
    </marc:datafield>
    <marc:datafield tag="930" ind1=" " ind2=" ">
      <marc:subfield code="l">Sonderbeitrag</marc:subfield>
      <marc:subfield code="a">Aufwendungen der Arbeitgeber für Personal- und Personalnebenkosten im Produzierenden Gewerbe</marc:subfield>
    </marc:datafield>
  </marc:record>
</marc:collection>
